000 01055cam a2200289 a 4500
999 _c535435
_d535435
001 13849297
003 NUST
005 20200909111453.0
008 050125s2005 nyua 001 0 eng
010 _a 2005001297
020 _a1402712243
038 _aArshad
040 _aDLC
_cDLC
_dDLC
050 0 0 _aPN4129.15
_b.M56 2005
082 0 0 _a808.51
_bMIN
100 1 _aMintzer, Richard.
_930003
245 1 0 _aPublic speaking for wimps ; :
_bstaying cool when stage fright strikes /
_cRich Mintzer ; photography by Peter Murdock.
260 _aNew York :
_bSterling Pub.,
_c2005.
300 _a128 p. :
_bcol. ill. ;
_c29 cm.
500 _aIncludes index.
650 0 _aPublic speaking.
_930004
650 0 _aStage fright.
_930005
856 4 2 _3Publisher description
_uhttp://www.loc.gov/catdir/enhancements/fy0621/2005001297-d.html
906 _a7
_bcbc
_corignew
_d1
_eecip
_f20
_gy-gencatlg
942 _2ddc
_cBK